|
|
|
|
| LEADER |
02002nam a2200553 a 4500 |
| 001 |
000476302 |
| 003 |
CZ BrMZK |
| 005 |
20080924074838.0 |
| 007 |
ta |
| 008 |
010907s2000 xr e bcze d |
| 015 |
|
|
|a cnb000962386
|
| 020 |
|
|
|a 80-7268-062-5
|
| 035 |
|
|
|a (OCoLC)45022785
|
| 040 |
|
|
|a BOA001
|b cze
|
| 043 |
|
|
|a e-cs---
|
| 072 |
|
7 |
|a 323
|x Vnitropolitický vývoj, politický život
|2 Konspekt
|9 15
|
| 072 |
|
7 |
|a 929
|x Biografie
|2 Konspekt
|9 8
|
| 080 |
|
|
|a 929
|2 MRF
|
| 080 |
|
|
|a 355.083
|2 MRF
|
| 080 |
|
|
|a 355-051
|2 MRF
|
| 080 |
|
|
|a 329.18-051
|2 MRF
|
| 080 |
|
|
|a 329.18
|2 MRF
|
| 080 |
|
|
|a 328/329
|2 MRF
|
| 080 |
|
|
|a 323
|2 MRF
|
| 080 |
|
|
|a (437)
|2 MRF
|
| 080 |
|
|
|a (092)
|2 MRF
|
| 080 |
|
|
|a (0:82-96)
|2 MRF
|
| 100 |
1 |
|
|a Moulis, Miloslav,
|d 1921-2010
|7 jk01082200
|4 aut
|
| 245 |
1 |
0 |
|a Vzestup a pád generála Gajdy /
|c Miloslav Moulis
|
| 250 |
|
|
|a Vyd. 1.
|
| 260 |
|
|
|a Třebíč :
|b Akcent,
|c 2000
|
| 300 |
|
|
|a 153 s., [9] s. obr. příl. ;
|c 21 cm
|
| 490 |
1 |
|
|a Fakta
|
| 500 |
|
|
|a Dostupné též v digitální podobě v aplikaci Kramerius
|
| 600 |
1 |
7 |
|a Gajda, Radola,
|d 1892-1948
|7 jk01032260
|2 czenas
|
| 650 |
0 |
7 |
|a generálové
|7 ph120479
|z Československo
|2 czenas
|
| 650 |
0 |
7 |
|a legionáři
|7 ph122227
|z Československo
|2 czenas
|
| 650 |
0 |
7 |
|a fašisté
|7 ph120147
|z Československo
|2 czenas
|
| 650 |
0 |
7 |
|a fašismus
|7 ph120146
|z Československo
|2 czenas
|
| 655 |
|
7 |
|a biografie
|7 fd131909
|2 czenas
|
| 655 |
|
7 |
|a literatura faktu
|7 fd132773
|2 czenas
|
| 610 |
2 |
7 |
|a Československé legie
|7 kn20020322444
|2 czenas
|
| 651 |
|
7 |
|a Československo
|7 ge131689
|x politika a vláda
|2 czenas
|
| 651 |
|
7 |
|a Československo
|7 ge131689
|x společnost a politika
|2 czenas
|
| 830 |
|
0 |
|a Fakta (Akcent)
|0 s
|
| 856 |
4 |
1 |
|u http://www.digitalniknihovna.cz/mzk/uuid/uuid:d4bd6af0-61b0-11e5-bf4b-005056827e51
|y Digitalizovaný dokument
|x NDK
|
| 910 |
|
|
|a BOA001
|b 2-1072.735
|
| 990 |
|
|
|a BK
|
| 996 |
6 |
|
|b 2610114694
|c 2-1072.735
|l MZK
|r Sklad / do 1 hodiny
|n 13
|p p.v.
|w 000476302
|u 000010
|a 1
|e BOA001
|j MZK50
|s P
|